| 000 | 00933cam a22002657a 4500 | ||
|---|---|---|---|
| 999 |
_c134 _d134 |
||
| 001 | 17082 | ||
| 003 | BD-DhUAP | ||
| 005 | 20210112092906.0 | ||
| 008 | 070530s2007 ii a b u001 0 eng d | ||
| 020 | _a0070636931 | ||
| 040 |
_aYDXCP _cBD-DhUAP _dBD-DhUAP _dDLC _bEng |
||
| 082 | 0 | 4 |
_a621.3821 DAW _223 |
| 100 | 1 | _aDawson, Martin. | |
| 245 | 1 | 0 |
_aIP location : _bGeographic location measurement, delivery & conveyance / _cMartin Dawson, James Winterbottom and Martin Thomson. |
| 250 | _aTata McGraw-Hill edition. | ||
| 260 |
_aNew Delhi : _bTata Mcgraw-Hill Publishing Company Limited, _cc2007. |
||
| 300 |
_axxi, 338 pages : _billustrations ; _c24 cm. |
||
| 490 | _aMcGraw-Hill communications. | ||
| 504 | _aIncludes bibliographical references and index. | ||
| 650 | 0 | _aTCP/IP (Computer network protocol) | |
| 650 | 0 | _aGeographical positions. | |
| 700 | 1 | _aWinterbottom, James. | |
| 700 | 1 | _aThomson, Martin. | |
| 942 |
_2ddc _cBK |
||